| 000 | 00398nam a2200157Ia 4500 | ||
|---|---|---|---|
| 005 | 20250424120328.0 | ||
| 008 | 250424s9999 xx 000 0 und d | ||
| 022 | _aR 11 .F36/ | ||
| 050 | _aThe Journal of family practice. | ||
| 245 | 0 | _aNew York | |
| 260 | _aDowden Health Media | ||
| 260 | _b2020 | ||
| 260 | _c189 p. :ill. ; 27 cm. | ||
| 300 | _aFamily medicine--Periodicals. | ||
| 650 | _aSR | ||
| 999 |
_c38688 _d38688 |
||